000 00879nam a2200253Ia 4500
003 OSt
005 20240228102256.0
008 240214t1979||||xx |||||||||||||| ||und||
040 _aODONTO
_bspa
_cODONTO
_dODONTO
041 _aeng
082 _a616.025 C292
100 _aCaroline, Nancy L
_97082
245 0 _aEmergency care in the streets / 
_cNancy L Caroline, Peter Safar, Eugene L. Nagel. --
260 _aBoston :
_bLibrary Brown,
_c1979.
300 _axvi, 524 p. :
_bil. ;
_c28 cm.
504 _aBibliografía capitular, glosario e índice
650 0 2 _aAccidentes
_91866
650 0 2 _aPrimeros auxilios
_9359
650 0 2 _aAsistencia en emergencias
_92083
650 0 2 _aMedicina de urgencias
_91864
700 0 1 _aPeter Safar
_e(coaut.)
_97083
700 0 1 _aEugene L. Nagel
_e(coaut.)
_97084
942 _aBiblioteca de la Facultad de Odontología
_cBK
_n0
_k616.025 C292
_2ddc
999 _c2391
_d2391